Ben Affleck Bacon Puzzle - Statistics

General Stats
  • This quiz has been taken 2,273 times
  • The average score is 8 of 12
Answer Stats
Films Actors Actors % Correct
Lara Croft Tomb Raider: The Cradle Of Life Angelina Jolie
93%
The Tourist Johnny Depp
91%
Armageddon Ben Affleck
88%
The Expendables 2 Bruce Willis
85%
Ides Of March George Clooney
78%
The Amazing Spider-Man Emma Stone
70%
Sweeney Todd: The Demon Barber Of Fleet Street Helena Bonham Carter
65%
Crazy Stupid Love Ryan Gosling
61%
He's Just Not That Into You Jennifer Aniston
57%
Batman & Robin Arnold Schwarzenegger
55%
The Bounty Hunter Gerard Butler
53%
Harry Potter And The Deathly Hallows Part 2 Rhys Ifans
19%
No matching quizzes found
Score Distribution
Percent of People with Each Score
Percentile by Number Answered
Your Score History
You have not taken this quiz